Dalait aur mahila utthan mein Doctor Ambedkar ka yogdan (Record no. 393504)

MARC details
000 -LEADER
fixed length control field 00486nam a2200181 4500
005 - DATE & TIME
control field 20250912110046.0
008 - FIXED-LENGTH DATA ELEMENTS--GENERAL INFORMATION
fixed length control field 250912b |||||||| |||| 00| 0 eng d
020 ## - ISBN
International Standard Book Number 9789391382964
Price Rs. 1295.00
040 ## - CATALOGING SOURCE
Original cataloging agency VIVEKANANDA LIBRARY
082 ## - DDC NUMBER
Classification number 954.035
Book Number A16D:D
100 ## - MAIN ENTRY--PERSONAL NAME
Personal name Dumolia, Vikram Singh
245 ## - TITLE STATEMENT
Title Dalait aur mahila utthan mein Doctor Ambedkar ka yogdan
260 ## - PUBLICATION, DISTRIBUTION, ETC. (IMPRINT)
Place of publication, distribution, etc Delhi
Name of publisher, distributor, etc Swastik Publications
Date of publication, distribution, etc 2025
300 ## - PHYSICAL DESCRIPTION
Pages 236
650 ## - Subject
Subject History
650 ## - Subject
Subject Dalit-Women
942 ## - ADDED ENTRY ELEMENTS (KOHA)
Koha item type Books
Holdings
Withdrawn status Lost status Source of classification or shelving scheme Damaged status Not for loan Location (home branch) Sublocation or collection (holding branch) Shelving location Date acquired Koha issues (times borrowed) Koha full call number Accession No. Koha date last seen Koha item type
    Dewey Decimal Classification     VIVEKANANDA LIBRARY VIVEKANANDA LIBRARY Vivekananda Library 12/09/2025   954.035 A16D:D 314617 12/09/2025 Books
© Designed and Maintained by Vivekananda Library, MDU Rohtak